The theatre book of the year, 1945-1946. A record and an interpretation
Kaydedildi:
| Yazar: | |
|---|---|
| Materyal Türü: | Kitap |
| Dil: | Undetermined |
| Baskı/Yayın Bilgisi: |
New York, Estados Unidos
Alfred A. Knopf
1946
|
| Konular: | |
| Etiketler: |
Etiketle
Etiket eklenmemiş, İlk siz ekleyin!
|
MARC
| LEADER | 00000nam a2200000Ia 4500 | ||
|---|---|---|---|
| 008 | 170316s9999 xx 000 0 und d | ||
| 040 | |a cru BVZT | ||
| 090 | |a 810 N-2t | ||
| 100 | |a Nathan, George Jean | ||
| 245 | 4 | |a The theatre book of the year, 1945-1946. A record and an interpretation | |
| 260 | |a New York, Estados Unidos | ||
| 260 | |b Alfred A. Knopf | ||
| 260 | |c 1946 | ||
| 300 | |a 370 páginas | ||
| 650 | |a LITERATURA ESTADOUNIDENSE | ||
| 999 | |c 5979 |d 5979 | ||
| 942 | |c 15 D |h 810 N-2t |2 z | ||
